| 000 | 00455nam a2200157Ia 4500 | ||
|---|---|---|---|
| 005 | 20250329122841.0 | ||
| 008 | 231217s9999 xx 000 0 und d | ||
| 020 | _a9788131407615 | ||
| 082 | _a658.3222 BHA;1 R | ||
| 100 | _aBhattacharya, Shubhasheesh ed. | ||
| 245 | 0 | _aCompensation management : concepts and current practices | |
| 260 |
_c2007 _bIcfai _aHyderabad |
||
| 300 | _ax, 213 | ||
| 650 | _aCompensation,management,practices | ||
| 942 | _cAA | ||
| 999 |
_c189276 _d189276 |
||